Tennessee Titans Trivia - Statistics

General Stats
  • This quiz has been taken 1,083 times
    105 since last reset
  • The average score is 12 of 14
Answer Stats
Hint Answer % Correct
Name of the team before they moved to Tennessee in 1997 Houston Oilers
100%
Player who rushed for 2,027 yards in 2020 Derrick Henry
99%
Quarterback drafted #1 overall in 2025 Cam Ward
98%
City in which the Tennessee Titans play their home games Nashville
97%
Former Dolphins quarterback acquired in 2019 Ryan Tannehill
93%
Player who rushed for 2,006 yards in 2009 Chris Johnson
90%
Team which defeated the Titans in their only Super Bowl appearance St. Louis Rams
87%
The Titans all-time leader in passing yards Warren Moon
84%
Play where the Titans beat the Bills in the playoffs by throwing a lateral across the field on a kickoff return {Music} {City} Miracle
79%
Player who rushed for over 10,000 yards from 1996–2003 Eddie George
78%
Quarterback selected #3 overall in 2006 Vince Young
71%
Receiver who was "one yard short" from scoring a potential game-tying touchdown in that Super Bowl Kevin Dyson
62%
Titans' head coach from 1994–2010 Jeff Fisher
59%
Tight end who threw that lateral Frank Wycheck
56%
No matching quizzes found
Score Distribution
Percent of People with Each Score
Percentile by Number Answered
Your Score History
You have not taken this quiz since the last reset